| 000 | 00607cam a2200241 4500 | ||
|---|---|---|---|
| 001 | ABS67715 | ||
| 008 | 040426n2004 000 0 eng u | ||
| 035 | _a(Sirsi) u125961 | ||
| 245 | _aFocus 1: Liverpool | ||
| 260 | _c2004 | ||
| 490 |
_aEstates Gazette _v(0413) 27 March 2004, 73-83(7) |
||
| 590 | _aABS | ||
| 590 | _aABS | ||
| 650 | _aLIVERPOOL | ||
| 650 | _aNORTHWEST ENGLAND | ||
| 650 | _aOFFICE MARKET | ||
| 650 | _aINDUSTRIAL MARKET | ||
| 650 | _aCONSERVATION | ||
| 650 | _aLISTED BUILDINGS | ||
| 650 | _aDEVELOPMENT PROJECTS | ||
| 690 | _aCOMMERCIAL PROPERTY-MARKET | ||
| 942 | _n0 | ||
| 999 |
_c117241 _d117241 |
||